| 000 | 00855nam a22002297a 4500 | ||
|---|---|---|---|
| 005 | 20250904114946.0 | ||
| 010 | _aB-770780-797 ENG-146732 BACEN25 | ||
| 020 |
_a9789384761110 _c70.00 |
||
| 035 | _aB-770780-797 | ||
| 035 | _aEN-130264 | ||
| 037 | _bAdhunik | ||
| 037 |
_bDBAD _aDPL |
||
| 082 | _a004 | ||
| 100 |
_aRani Ahilya _984724 |
||
| 245 |
_aLucent's Computer/ _c By Rani Ahilya |
||
| 250 | _a10th Ed. | ||
| 260 |
_aPatna _bLucent Publication _c2019 |
||
| 270 |
_aNew Bypass Road, Ashchok _bPatna _e800016(Bihar) _k0612-2344915, 2344916 _minfo@lucentpublication.com |
||
| 300 |
_a204p.: _bill. _c22cm(pbk) |
||
| 942 |
_2ddc _cEN _h004 _mRAN |
||
| 999 |
_c209501 _d209501 |
||